Statistics for The New Zealand Quiz #2

Click here to take the quiz!

General Stats

  • This quiz has been taken 485 times
    (482 since last reset)
  • The average score is 9 of 20

Answer Stats

HintAnswer% Correct
The national bird of NZKiwi
97%
What sport did Jonah Lomu playRugby
90%
How many hours is New Zealand ahead of GMT12
79%
The popular freshwater fish which is bred for fishing in lakes and riversTrout
72%
The highest volcano in NZMount Ruapehu
68%
The large NZ insect which is often found in cavesWeta
66%
The largest religion in NZChristianity
64%
What is the National Anthem of New Zealand calledGod Defend New Zealand
62%
What nationality were the terrorists who sank the Rainbow WarriorFrench
53%
What was the Kiwifruit originally calledChinese Gooseberry
50%
The highest court in NZThe Supreme Court
46%
Who is known for cutting down the flagstaff at Russell in 1844 and 1845Hone Heke
39%
What is the name of the mountain in Antarctica where a NZ plane crashed into in 1979.Mt Erebus
39%
Which famous New Zealander was portayed in the movie "The World's Fastest Indian"Burt Munro
24%
Who was the first New Zealander to win the US openMichael Campbell
21%
What is NZ's most abundant commercial fishHoki
18%
What is the name of the flat war club used by Maori as a weaponMere
17%
The first Maori University GraduateSir Apirana Ngata
17%
Where is NZ's oldest licensed hotelRussell
15%
The first NZ woman to win an Olympic Gold MedalYvette Williams
10%

Score Distribution

Percentile by Number Answered

Percent of People with Each Score

Your Score History

You have not taken this quiz since the last reset